[Event "Catalunya-chT GpA final"]
[Site "Barcelona"]
[Date "2018.03.10"]
[Round "1.8"]
[White "Carrasco Rodriguez, Jesus"]
[Black "Negre Moret, Albert"]
[Result "1-0"]
[WhiteElo "2178"]
[BlackElo "2088"]
[PlyCount "129"]
[EventDate "2018.03.10"]
[EventType "team-tourn"]
[EventRounds "4"]
[EventCountry "ESP"]
[SourceTitle "CBM 183 Extra"]
[Source "ChessBase"]
[SourceDate "2018.04.19"]
[SourceVersion "1"]
[SourceVersionDate "2018.04.19"]
[SourceQuality "1"]
[WhiteTeam "Barbera"]
[BlackTeam "Figueres"]
[WhiteTeamCountry "ESP"]
[BlackTeamCountry "ESP"]

1. b3 e5 2. Bb2 Nc6 3. e3 d5 4. Bb5 Qe7 5. Qh5 d4 6. Nf3 Bd7 7. Bxc6 Bxc6 8. Qxe5 dxe3 9. fxe3 0-0-0 10. Qxe7 Nxe7 11. 0-0 f6 12. Nd4 Bd7 13. e4 Ng6 14. Nf5 Bc6 15. d3 Ne7 16. Nd4 Bd7 17. Nd2 c5 18. N4f3 Ng6 19. e5 Nxe5 20. Nxe5 fxe5 21. Bxe5 Re8 22. Rae1 Rg8 23. a4 Bc6 24. Bc3 Rxe1 25. Rxe1 Bd6 26. Ne4 Kd7 27. g3 h6 28. Kf2 b6 29. Ke3 a6 30. Rf1 Bd5 31. Bb2 Be6 32. c4 Be7 33. d4 cxd4+ 34. Bxd4 Kc6 35. h4 g6 36. Bf6 Bc5+ 37. Nxc5 bxc5 38. Be5 Bf5 39. Rd1 Re8 40. Rd6+ Kb7 41. Kf4 h5 42. a5 Rc8 43. Rb6+ Ka7 44. Bd6 Bh3 45. Ke5 Bg4 46. Be7 Bd1 47. Kd5 Bf3+ 48. Ke6 Bg4+ 49. Kf7 Bf5 50. Bd6 Be4 51. Bf4 Bf5 52. Be3 Be4 53. Ke7 Rc6 54. Rxc6 Bxc6 55. Kd6 Kb7 56. Kxc5 Bd7 57. b4 Bf5 58. b5 Be4 59. Bd2 Bg2 60. Bb4 Bf3 61. Kd6 Be2 62. bxa6+ Kxa6 63. c5 Kb7 64. c6+ Kc8 65. Kc5 1-0

[Event "FRA-ch Seniors"]
[Site "Caen"]
[Date "2011.08.27"]
[Round "11"]
[White "Ruiz, Richard"]
[Black "Negre Moret, Albert"]
[Result "1/2-1/2"]
[WhiteElo "2106"]
[BlackElo "2103"]
[PlyCount "25"]
[EventDate "2011.08.16"]
[EventType "swiss"]
[EventRounds "11"]
[EventCountry "FRA"]
[SourceTitle "CBM 144 Extra"]
[Source "ChessBase"]
[SourceDate "2011.10.28"]
[SourceVersion "1"]
[SourceVersionDate "2011.10.28"]
[SourceQuality "1"]

1. d4 Nf6 2. Nf3 g6 3. c4 c5 4. Nc3 cxd4 5. Nxd4 Nc6 6. Nc2 Bg7 7. e4 0-0 8. Be2 d6 9. 0-0 Be6 10. Be3 Nd7 11. Qd2 Nde5 12. b3 Qa5 13. Nd4 1/2-1/2

[Event "FRA-ch Seniors"]
[Site "Caen"]
[Date "2011.08.26"]
[Round "10"]
[White "Negre Moret, Albert"]
[Black "Goldenberg, Richard"]
[Result "1/2-1/2"]
[WhiteElo "2103"]
[BlackElo "2320"]
[PlyCount "22"]
[EventDate "2011.08.16"]
[EventType "swiss"]
[EventRounds "11"]
[EventCountry "FRA"]
[SourceTitle "CBM 144 Extra"]
[Source "ChessBase"]
[SourceDate "2011.10.28"]
[SourceVersion "1"]
[SourceVersionDate "2011.10.28"]
[SourceQuality "1"]

1. d4 g6 2. e4 c6 3. f4 d5 4. e5 h5 5. Nf3 Nh6 6. Be3 Na6 7. c3 Nc7 8. g3 Bf5 9. Nbd2 Ne6 10. h3 Qb6 11. b4 a5 1/2-1/2

[Event "FRA-ch Seniors"]
[Site "Caen"]
[Date "2011.08.25"]
[Round "9"]
[White "Ruch, Bernard"]
[Black "Negre Moret, Albert"]
[Result "0-1"]
[WhiteElo "1994"]
[BlackElo "2103"]
[PlyCount "96"]
[EventDate "2011.08.16"]
[EventType "swiss"]
[EventRounds "11"]
[EventCountry "FRA"]
[SourceTitle "CBM 144 Extra"]
[Source "ChessBase"]
[SourceDate "2011.10.28"]
[SourceVersion "1"]
[SourceVersionDate "2011.10.28"]
[SourceQuality "1"]

1. d4 Nf6 2. Nf3 g6 3. c4 c5 4. d5 b5 5. cxb5 a6 6. Nc3 axb5 7. Nxb5 Ba6 8. Nc3 d6 9. g3 Bg7 10. Bg2 0-0 11. 0-0 Nbd7 12. Re1 Qa5 13. h3 Rfb8 14. e4 Ne8 15. Qc2 Nb6 16. e5 Nc4 17. b3 Nxe5 18. Nxe5 Bxe5 19. Bd2 c4 20. Ne4 cxb3 21. axb3 Qc7 22. Qxc7 Nxc7 23. Nc3 Bf6 24. Ra3 Bxc3 25. Bxc3 Nb5 26. Rxa6 Rxa6 27. Bf1 Ra7 28. Bd2 Nd4 29. Kg2 Nxb3 30. Bh6 Nc5 31. h4 f6 32. h5 Kf7 33. Be2 Ra2 34. hxg6+ hxg6 35. Be3 Rbb2 36. Kf3 Nd7 37. Bd4 Rd2 38. Ke3 Rdc2 39. f4 Nc5 40. Kf3 Ra3+ 41. Be3 Nb3 42. Kf2 Nd2 43. g4 Nb3 44. g5 Ra1 45. gxf6 Rxe1 46. Kxe1 exf6 47. Kd1 Rc3 48. Bf2 Rc1# 0-1

[Event "FRA-ch Seniors"]
[Site "Caen"]
[Date "2011.08.19"]
[Round "4"]
[White "Negre Moret, Albert"]
[Black "Rodriguez, Jean Pierre"]
[Result "1/2-1/2"]
[WhiteElo "2103"]
[BlackElo "1871"]
[PlyCount "42"]
[EventDate "2011.08.16"]
[EventType "swiss"]
[EventRounds "11"]
[EventCountry "FRA"]
[SourceTitle "CBM 144 Extra"]
[Source "ChessBase"]
[SourceDate "2011.10.28"]
[SourceVersion "1"]
[SourceVersionDate "2011.10.28"]
[SourceQuality "1"]

1. d4 Nf6 2. Nc3 e6 3. e4 Bb4 4. e5 Ne4 5. Qg4 Nxc3 6. Qxg7 Rf8 7. a3 Nd5+ 8. axb4 Nxb4 9. Bh6 Qe7 10. 0-0-0 d6 11. Be2 Nd7 12. Qxh7 dxe5 13. dxe5 Nxe5 14. Bxf8 Qxf8 15. f4 Ng6 16. c3 Qc5 17. Kb1 Qf5+ 18. Ka1 Qa5+ 19. Kb1 Qf5+ 20. Ka1 Qa5+ 21. Kb1 Qf5+ 1/2-1/2

[Event "FRA-ch Seniors"]
[Site "Caen"]
[Date "2011.08.17"]
[Round "2"]
[White "Negre Moret, Albert"]
[Black "Peyrin, Jean"]
[Result "1/2-1/2"]
[WhiteElo "2103"]
[BlackElo "1873"]
[PlyCount "68"]
[EventDate "2011.08.16"]
[EventType "swiss"]
[EventRounds "11"]
[EventCountry "FRA"]
[SourceTitle "CBM 144 Extra"]
[Source "ChessBase"]
[SourceDate "2011.10.28"]
[SourceVersion "1"]
[SourceVersionDate "2011.10.28"]
[SourceQuality "1"]

1. d4 Nf6 2. Nc3 d5 3. Bg5 Bf5 4. f3 c5 5. e4 dxe4 6. d5 Nbd7 7. Qd2 a6 8. Qf4 Bg6 9. fxe4 h6 10. Bxf6 gxf6 11. Nf3 Bg7 12. Be2 Qb8 13. Qe3 b5 14. 0-0 0-0 15. Kh1 Qd6 16. Rae1 Rac8 17. Nh4 Ne5 18. Nf5 Bxf5 19. Rxf5 Qc7 20. Rh5 Kh7 21. Rf1 Rg8 22. Nd1 Qd7 23. Rff5 Qd6 24. Qh3 Rcd8 25. Ne3 Bf8 26. g3 Rg6 27. Rf4 c4 28. a3 e6 29. Rfh4 Qb6 30. Ng2 Qf2 31. Nf4 Nf3 32. Bxf3 Qxf3+ 33. Kg1 Qe3+ 34. Kf1 Qc1+ 1/2-1/2

[Event "Figueres op 08th"]
[Site "Figueres"]
[Date "2007.08.08"]
[Round "1"]
[White "Ashwin, Jayaram"]
[Black "Negre Moret, Albert"]
[Result "1/2-1/2"]
[WhiteElo "2399"]
[BlackElo "2098"]
[PlyCount "106"]
[EventDate "2007.08.08"]
[EventType "swiss"]
[EventRounds "9"]
[EventCountry "ESP"]
[SourceTitle "CBM 120 Extra"]
[Source "ChessBase"]
[SourceDate "2007.11.01"]
[SourceVersion "1"]
[SourceVersionDate "2007.11.01"]
[SourceQuality "1"]

1. e4 e5 2. Nf3 Nc6 3. Bb5 f5 4. Nc3 fxe4 5. Nxe4 d5 6. Nxe5 dxe4 7. Nxc6 Qg5 8. Qe2 Nf6 9. f4 Qxf4 10. Ne5+ c6 11. d4 Qh4+ 12. g3 Qh3 13. Bc4 Be6 14. Bf4 Bd6 15. 0-0-0 0-0-0 16. a4 Rhe8 17. Bxe6+ Qxe6 18. Kb1 Bc7 19. c3 Qb3 20. a5 Qb5 21. Qxb5 cxb5 22. b4 a6 23. Rde1 h6 24. Rhf1 Nd5 25. c4 bxc4 26. Nxc4 Bxf4 27. gxf4 Nxb4 28. Rc1 Kb8 29. Rg1 Re7 30. Nb6 Nd5 31. f5 Nxb6 32. axb6 Rd6 33. Rg6 Rxg6 34. fxg6 Re6 35. Kc2 Rxb6 36. Rg1 Re6 37. Kd2 e3+ 38. Ke2 Kc7 39. h4 h5 40. Rg5 Kd6 41. Rxh5 Rxg6 42. Kxe3 b5 43. Rc5 Rg4 44. h5 Rh4 45. Rg5 b4 46. Rxg7 Rxh5 47. Rg6+ Kd5 48. Rxa6 Rh3+ 49. Kd2 Kxd4 50. Rg6 Rh2+ 51. Kc1 Kc3 52. Rg3+ Kc4 53. Kb1 b3 1/2-1/2

[Event "Figueres op 07th"]
[Site "Figueres"]
[Date "2006.08.14"]
[Round "8"]
[White "Negre Moret, Albert"]
[Black "Gutierrez Galindo, Angel"]
[Result "1-0"]
[WhiteElo "2125"]
[BlackElo "2125"]
[PlyCount "25"]
[EventDate "2006.08.08"]
[EventType "swiss"]
[EventRounds "9"]
[EventCountry "ESP"]
[SourceTitle "CBM 113 Extra"]
[Source "ChessBase"]
[SourceDate "2006.09.14"]
[SourceVersion "1"]
[SourceVersionDate "2006.09.14"]
[SourceQuality "1"]

1. e4 e5 2. Nf3 Nc6 3. d4 exd4 4. Bc4 Bb4+ 5. c3 dxc3 6. 0-0 Nge7 7. bxc3 Ba5 8. Ng5 0-0 9. Qh5 h6 10. Nxf7 Rxf7 11. Bxf7+ Kf8 12. Bb3 d5 13. exd5 1-0

[Event "Figueres op 07th"]
[Site "Figueres"]
[Date "2006.08.09"]
[Round "2"]
[White "Negre Moret, Albert"]
[Black "Kasparov, Sergey"]
[Result "0-1"]
[WhiteElo "2125"]
[BlackElo "2487"]
[PlyCount "138"]
[EventDate "2006.08.08"]
[EventType "swiss"]
[EventRounds "9"]
[EventCountry "ESP"]
[SourceTitle "CBM 113 Extra"]
[Source "ChessBase"]
[SourceDate "2006.09.14"]
[SourceVersion "1"]
[SourceVersionDate "2006.09.14"]
[SourceQuality "1"]

1. e4 c6 2. d4 d5 3. Nc3 dxe4 4. Nxe4 Bf5 5. Ng3 Bg6 6. h4 h6 7. Nf3 Nd7 8. h5 Bh7 9. Bd3 Bxd3 10. Qxd3 e6 11. Bf4 Bb4+ 12. c3 Be7 13. 0-0-0 Ngf6 14. Kb1 0-0 15. Ne5 Qa5 16. Nxd7 Nxd7 17. Ne4 Rad8 18. Ka1 Nf6 19. Nxf6+ Bxf6 20. Qg3 Rd5 21. Bxh6 Rxh5 22. Bd2 Qf5 23. Bf4 Rd8 24. Qf3 Rxh1 25. Rxh1 g5 26. Bc1 Qxf3 27. gxf3 Rd5 28. f4 Kf8 29. Kb1 g4 30. Be3 Bg7 31. Rg1 f5 32. f3 gxf3 33. Rf1 Kf7 34. Rxf3 Rd8 35. Rh3 Rh8 36. Rxh8 Bxh8 37. Kc2 Kg6 38. a4 Kh5 39. b4 a6 40. Kd3 Bg7 41. c4 b5 42. axb5 axb5 43. Bd2 Kg4 44. Bc1 Kf3 45. Bd2 Bf6 46. Bc1 Be7 47. Bd2 Bf6 48. Bc1 Be7 49. Bd2 bxc4+ 50. Kxc4 Ke4 51. Bc1 Bd6 52. Bd2 Be7 53. Bc1 Bf8 54. Bd2 Kf3 55. Bc1 Bd6 56. Bd2 Ke2 57. Bc1 Kd1 58. Be3 Kc2 59. b5 cxb5+ 60. Kxb5 Kd3 61. Bc1 Kxd4 62. Kc6 Bxf4 63. Bxf4 e5 64. Bg5 f4 65. Kd6 f3 66. Bd8 e4 67. Bb6+ Kd3 68. Ke5 e3 69. Kf4 f2 0-1

[Event "Saint Affrique op 10th"]
[Site "Saint Affrique"]
[Date "2002.??.??"]
[Round "6"]
[White "Negre Moret, Albert"]
[Black "Villeneuve, Alain"]
[Result "1-0"]
[WhiteElo "2112"]
[BlackElo "2287"]
[PlyCount "81"]
[EventDate "2002.07.20"]
[EventType "swiss"]
[EventRounds "9"]
[EventCountry "FRA"]
[SourceTitle "EXT 2003"]
[Source "ChessBase"]
[SourceDate "2002.11.25"]
[SourceVersion "1"]
[SourceVersionDate "2002.11.25"]
[SourceQuality "1"]

1. d4 f5 2. e4 fxe4 3. Nc3 Nf6 4. Bg5 g6 5. h4 Bg7 6. h5 Nxh5 7. Rxh5 gxh5 8. Qxh5+ Kf8 9. Nd5 Nc6 10. Bc4 b5 11. Bb3 Qe8 12. Qxe8+ Kxe8 13. Nxc7+ Kd8 14. Nxa8 Bb7 15. Bd5 Bxd4 16. c3 Bg7 17. 0-0-0 Bxa8 18. Bxe4 Kc7 19. Nf3 e6 20. Bf4+ Kc8 21. Bd6 Bb7 22. Ng5 Nd8 23. Bxb7+ Nxb7 24. Nf7 Rg8 25. Rh1 Bf6 26. Rxh7 Rxg2 27. Bg3 Rg1+ 28. Kc2 Nc5 29. Nd6+ Kd8 30. b4 Na4 31. Ne4 Rxg3 32. fxg3 Be5 33. g4 a6 34. g5 d5 35. Nc5 Nxc3 36. Nxe6+ Ke8 37. g6 Nxa2 38. Nc7+ Kf8 39. Nxd5 Bg7 40. Rh1 Be5 41. Kb3 1-0

[Event "Montpellier op-B"]
[Site "Montpellier"]
[Date "1999.??.??"]
[Round "9"]
[White "Brunner, Nicolas"]
[Black "Negre Moret, Albert"]
[Result "1/2-1/2"]
[WhiteElo "2016"]
[BlackElo "2123"]
[PlyCount "83"]
[EventDate "1999.??.??"]
[EventType "swiss"]
[EventRounds "9"]
[EventCountry "FRA"]
[SourceTitle "EXT 2001"]
[Source "ChessBase"]
[SourceDate "2000.11.22"]
[SourceVersion "1"]
[SourceVersionDate "2000.11.22"]
[SourceQuality "1"]

1. d4 Nf6 2. Nf3 g6 3. c4 c5 4. d5 b5 5. cxb5 a6 6. e3 Bg7 7. Nc3 0-0 8. Bc4 Ne8 9. 0-0 Nd6 10. Be2 Bb7 11. e4 axb5 12. e5 b4 13. Na4 Ne4 14. Bd3 Bxd5 15. Bxe4 Bxe4 16. Nxc5 Bxf3 17. Qxf3 Nc6 18. Qd5 Nxe5 19. Bf4 e6 20. Qe4 Nc6 21. Bd6 Re8 22. Nd3 Qb6 23. Rfc1 b3 24. a3 Qd4 25. Qxd4 Bxd4 26. Rc4 e5 27. Re1 Re6 28. Bc5 d5 29. Rcc1 e4 30. Bxd4 Nxd4 31. Nf4 Rd6 32. Red1 g5 33. Rxd4 gxf4 34. Kf1 Kg7 35. Rc5 Rad8 36. Rb5 Kf6 37. f3 Ke5 38. Rxe4+ Kf5 39. Rd4 Ke5 40. Re4+ Kf5 41. Rd4 Ke5 42. Re4+ 1/2-1/2

[Event "Cannes op-B 18th"]
[Site "Cannes"]
[Date "1997.??.??"]
[Round "7"]
[White "Brumen, Dinko"]
[Black "Negre Moret, Albert"]
[Result "1-0"]
[WhiteElo "2335"]
[BlackElo "2110"]
[PlyCount "53"]
[EventDate "1997.02.22"]
[EventType "swiss"]
[EventRounds "9"]
[EventCountry "FRA"]
[SourceTitle "CBM 057 Extra"]
[Source "ChessBase"]
[SourceDate "1997.05.01"]
[SourceVersion "1"]
[SourceVersionDate "1997.05.01"]
[SourceQuality "1"]

1. d4 Nf6 2. Bg5 g6 3. Bxf6 exf6 4. e3 Bg7 5. g3 0-0 6. Bg2 d5 7. Ne2 c6 8. 0-0 f5 9. Nd2 Be6 10. Nf4 Nd7 11. c4 Nf6 12. Qb3 Qb6 13. Rfc1 g5 14. cxd5 Qxb3 15. Nxb3 Nxd5 16. Nxe6 fxe6 17. Nc5 e5 18. Ne6 exd4 19. Nxf8 Rxf8 20. Bxd5+ cxd5 21. exd4 Bxd4 22. Rd1 Bg7 23. Rxd5 b6 24. Rb1 h6 25. b4 f4 26. b5 fxg3 27. hxg3 1-0

[Event "Cannes op-B 18th"]
[Site "Cannes"]
[Date "1997.??.??"]
[Round "6"]
[White "Negre Moret, Albert"]
[Black "Todorov, Ognjan"]
[Result "1-0"]
[WhiteElo "2110"]
[BlackElo "2350"]
[PlyCount "107"]
[EventDate "1997.02.22"]
[EventType "swiss"]
[EventRounds "9"]
[EventCountry "FRA"]
[SourceTitle "CBM 057 Extra"]
[Source "ChessBase"]
[SourceDate "1997.05.01"]
[SourceVersion "1"]
[SourceVersionDate "1997.05.01"]
[SourceQuality "1"]

1. d4 Nf6 2. Nc3 d5 3. Bg5 c6 4. Qd2 Bf5 5. f3 Nbd7 6. e3 Qb6 7. 0-0-0 e6 8. g4 Bg6 9. Nge2 h6 10. Bxf6 Nxf6 11. Nf4 Bh7 12. h4 Bd6 13. Bd3 Bxf4 14. Bxh7 Bxe3 15. Qxe3 Nxh7 16. g5 Nf8 17. Qe5 Rh7 18. gxh6 gxh6 19. Rhg1 0-0-0 20. h5 Nd7 21. Qf4 Qc7 22. Qh4 Re8 23. f4 Qd8 24. Qg4 Qf6 25. Ne2 Rhh8 26. Qh3 Rhg8 27. c3 Nb6 28. b3 Kc7 29. Qh2 Qf5 30. Qh4 Nd7 31. Kd2 Nf6 32. Ng3 Rxg3 33. Rxg3 Ne4+ 34. Kc1 Nxg3 35. Qxg3 Qxh5 36. f5+ Kd7 37. fxe6+ fxe6 38. Rg1 Rf8 39. Qg7+ Rf7 40. Qg8 Qf3 41. Kb2 Qf4 42. b4 Kc7 43. Rg7 Rxg7 44. Qxg7+ Kb6 45. Qd7 h5 46. a4 a6 47. Qxe6 h4 48. Qe7 h3 49. b5 h2 50. Qd8+ Qc7 51. a5+ Kxb5 52. Qxc7 h1Q 53. Qxb7+ Kc4 54. Qxa6# 1-0

[Event "Olot op"]
[Site "Olot"]
[Date "1996.??.??"]
[Round "4"]
[White "Campos Moreno, Javier B"]
[Black "Negre Moret, Albert"]
[Result "1-0"]
[WhiteElo "2485"]
[BlackElo "2140"]
[PlyCount "53"]
[EventDate "1996.??.??"]
[EventType "swiss"]
[EventRounds "9"]
[EventCountry "ESP"]
[SourceTitle "EXT 2003"]
[Source "ChessBase"]
[SourceDate "2002.11.25"]
[SourceVersion "1"]
[SourceVersionDate "2002.11.25"]
[SourceQuality "1"]

1. d4 Nf6 2. c4 c5 3. d5 b5 4. cxb5 a6 5. e3 axb5 6. Bxb5 Qa5+ 7. Nc3 Bb7 8. Bd2 Qb6 9. Nf3 Nxd5 10. Nxd5 Bxd5 11. a4 Bc6 12. 0-0 e6 13. Bc3 Be7 14. Bxg7 Rg8 15. Be5 Bxb5 16. axb5 Rxa1 17. Qxa1 d6 18. Bg3 Qxb5 19. Qa8 e5 20. Ra1 Kd7 21. Qd5 Nc6 22. Nxe5+ Nxe5 23. Bxe5 Qb8 24. Bc3 Rg5 25. Qxf7 Qb7 26. g3 Qe4 27. Ra7+ 1-0

[Event "Orange op"]
[Site "Orange"]
[Date "1994.??.??"]
[Round "4"]
[White "Duquesnoy, Jean Philippe"]
[Black "Negre Moret, Albert"]
[Result "0-1"]
[WhiteElo "1930"]
[BlackElo "2165"]
[PlyCount "82"]
[EventDate "1994.??.??"]
[EventType "swiss"]
[EventRounds "9"]
[EventCountry "FRA"]
[SourceTitle "EXT 1999"]
[Source "ChessBase"]
[SourceDate "1998.11.16"]
[SourceVersion "1"]
[SourceVersionDate "1998.11.16"]
[SourceQuality "1"]

1. d4 Nf6 2. c4 c5 3. d5 b5 4. cxb5 a6 5. f3 axb5 6. e4 Qa5+ 7. Bd2 b4 8. Na3 d6 9. Nc4 Qd8 10. a3 e6 11. dxe6 Bxe6 12. Bd3 d5 13. exd5 Nxd5 14. Ne2 Be7 15. 0-0 0-0 16. Qc2 g6 17. Bh6 Re8 18. f4 f5 19. g4 b3 20. Qb1 Nb4 21. Rd1 Nxd3 22. Rxd3 Qc7 23. Ne5 fxg4 24. Ng3 c4 25. Rd1 Qc5+ 26. Kf1 c3 27. bxc3 Nc6 28. Ne4 Qe3 29. Qd3 Qxd3+ 30. Nxd3 Bc4 31. Kg1 Red8 32. Nb4 Nxb4 33. cxb4 Bd3 34. Nc3 Bf6 35. Bg5 Bxc3 36. Bxd8 Rxd8 37. Rab1 Bd4+ 38. Kg2 Bxb1 39. Rxb1 b2 40. b5 Rc8 41. b6 Rc2+ 0-1

[Event "Olot op"]
[Site "Olot"]
[Date "1994.??.??"]
[Round "?"]
[White "Garriga Nualart, Josep"]
[Black "Negre Moret, Albert"]
[Result "0-1"]
[WhiteElo "2375"]
[BlackElo "2165"]
[PlyCount "80"]
[EventDate "1994.08.??"]
[EventType "swiss"]
[EventRounds "9"]
[EventCountry "ESP"]
[SourceTitle "EXT 1998"]
[Source "ChessBase"]
[SourceDate "1997.11.17"]
[SourceVersion "1"]
[SourceVersionDate "1997.11.17"]
[SourceQuality "1"]

1. c4 c5 2. Nc3 g6 3. g3 Bg7 4. Bg2 Nc6 5. f4 e6 6. d3 Nge7 7. Be3 b6 8. Nf3 d5 9. Bf2 d4 10. Nb5 Bb7 11. 0-0 0-0 12. Na3 Rb8 13. Nc2 e5 14. Rb1 a5 15. e3 dxe3 16. Bxe3 Nf5 17. fxe5 Nxe3 18. Nxe3 Nxe5 19. Nxe5 Bxg2 20. Kxg2 Bxe5 21. Nd5 Qg5 22. Qf3 Bd4 23. Qf4 Qd8 24. Rbe1 Rb7 25. b3 b5 26. Re4 f5 27. Re6 a4 28. h4 axb3 29. axb3 bxc4 30. bxc4 Rd7 31. Rfe1 Rdf7 32. Kh3 Bg7 33. Qf3 g5 34. hxg5 Qxg5 35. Ne7+ Kh8 36. Nc6 f4 37. Re8 Qh6+ 38. Kg2 fxg3 39. Qxf7 Qh2+ 40. Kf1 g2+ 0-1

[Event "Orange op"]
[Site "Orange"]
[Date "1994.??.??"]
[Round "5"]
[White "Negre Moret, Albert"]
[Black "Sharif, Mershad"]
[Result "0-1"]
[WhiteElo "2165"]
[BlackElo "2455"]
[PlyCount "36"]
[EventDate "1994.??.??"]
[EventType "swiss"]
[EventRounds "9"]
[EventCountry "FRA"]
[SourceTitle "EXT 1999"]
[Source "ChessBase"]
[SourceDate "1998.11.16"]
[SourceVersion "1"]
[SourceVersionDate "1998.11.16"]
[SourceQuality "1"]

1. d4 d5 2. Nc3 e6 3. e4 Nf6 4. Bg5 Bb4 5. e5 h6 6. Bd2 Bxc3 7. bxc3 Ne4 8. Qg4 g6 9. h4 c5 10. Bd3 Nxd2 11. Kxd2 Bd7 12. Rh3 Qe7 13. Rb1 Bc6 14. Rf3 Nd7 15. Bb5 Bxb5 16. Rxb5 0-0-0 17. c4 dxc4 18. Ne2 Nxe5 0-1

[Event "Olot op"]
[Site "Olot"]
[Date "1994.??.??"]
[Round "?"]
[White "Negre Moret, Albert"]
[Black "Vidarte Morales, Arturo"]
[Result "0-1"]
[WhiteElo "2165"]
[BlackElo "2350"]
[PlyCount "134"]
[EventDate "1994.08.??"]
[EventType "swiss"]
[EventRounds "9"]
[EventCountry "ESP"]
[SourceTitle "EXT 1998"]
[Source "ChessBase"]
[SourceDate "1997.11.17"]
[SourceVersion "1"]
[SourceVersionDate "1997.11.17"]
[SourceQuality "1"]

1. d4 Nf6 2. Nc3 d5 3. Bg5 Nbd7 4. f3 c5 5. e4 cxd4 6. Bxf6 Nxf6 7. Qxd4 dxe4 8. Bb5+ Bd7 9. 0-0-0 Bxb5 10. Nxb5 Qxd4 11. Rxd4 e5 12. Nc7+ Ke7 13. Nd5+ Ke6 14. Nc7+ Kf5 15. fxe4+ Nxe4 16. Rxe4 Kxe4 17. Nxa8 Bd6 18. Nf3 Rxa8 19. Ng5+ Kf5 20. Nxf7 Bc5 21. Rf1+ Ke6 22. Ng5+ Kd5 23. Rd1+ Kc6 24. Re1 Re8 25. a3 h6 26. Ne4 Bb6 27. c4 Bd4 28. b4 Rf8 29. Kc2 g5 30. h3 Rf4 31. a4 g4 32. hxg4 Rxg4 33. Re2 h5 34. Kb3 Rf4 35. b5+ Kd7 36. c5 Ke6 37. Kc4 Rf1 38. a5 Rc1+ 39. Kb4 Rb1+ 40. Kc4 Rc1+ 41. Kb4 a6 42. bxa6 bxa6 43. g3 Kf5 44. Nd6+ Kg4 45. Nc4 Rb1+ 46. Ka4 Bxc5 47. Nxe5+ Kxg3 48. Nc6 h4 49. Re5 Rb5 50. Rg5+ Kf4 51. Rh5 Kg4 52. Rh8 Kg3 53. Rg8+ Kh2 54. Rg4 Kh3 55. Rg8 Rb1 56. Rg5 Bd6 57. Rg6 Ra1+ 58. Kb3 Bg3 59. Kb2 Rd1 60. Nb4 Rd6 61. Rg5 Kg2 62. Nc2 Re6 63. Kb3 Re5 64. Rg6 h3 65. Rxa6 h2 66. Rh6 Bh4 67. Ne1+ Bxe1 0-1

[Event "FRA-ch Accession"]
[Site "Montpellier"]
[Date "1991.??.??"]
[Round "7"]
[White "Parmentier, Xavier"]
[Black "Negre Moret, Albert"]
[Result "1/2-1/2"]
[WhiteElo "2245"]
[BlackElo "2100"]
[PlyCount "91"]
[EventDate "1991.??.??"]
[EventType "swiss"]
[EventRounds "11"]
[EventCountry "FRA"]
[SourceTitle "EXT 1999"]
[Source "ChessBase"]
[SourceDate "1998.11.16"]
[SourceVersion "1"]
[SourceVersionDate "1998.11.16"]
[SourceQuality "1"]

1. e4 e5 2. Nf3 Nc6 3. Bb5 f5 4. d4 fxe4 5. Nxe5 Nxe5 6. dxe5 c6 7. Nc3 cxb5 8. Nxe4 d5 9. exd6 Nf6 10. Qd4 Nxe4 11. Qxe4+ Kf7 12. Bf4 Qe8 13. Be5 Bxd6 14. Qd5+ Qe6 15. Qxd6 Qxd6 16. Bxd6 Re8+ 17. Kf1 Bf5 18. f3 Bxc2 19. Kf2 Bf5 20. g4 Bd7 21. h4 Rac8 22. Rac1 Rxc1 23. Rxc1 Rc8 24. Re1 Re8 25. Rd1 Bc6 26. Bc5 a6 27. h5 h6 28. f4 g6 29. hxg6+ Kxg6 30. Rd6+ Kh7 31. Be3 Rg8 32. Kg3 Rg6 33. Rd8 Re6 34. Bd4 Re8 35. Rd6 Re2 36. f5 Re4 37. Bf6 Re3+ 38. Kh4 Re2 39. Bc3 Rh2+ 40. Kg3 Rg2+ 41. Kh3 Re2 42. Bd2 Kg8 43. Bxh6 Rxb2 44. g5 Kf7 45. g6+ Ke7 46. Re6+ 1/2-1/2

[Event "FRA-ch Accession"]
[Site "Montpellier"]
[Date "1991.??.??"]
[Round "11"]
[White "Wallyn, Alexandre"]
[Black "Negre Moret, Albert"]
[Result "1/2-1/2"]
[WhiteElo "2280"]
[BlackElo "2100"]
[PlyCount "42"]
[EventDate "1991.??.??"]
[EventType "swiss"]
[EventRounds "11"]
[EventCountry "FRA"]
[SourceTitle "EXT 1999"]
[Source "ChessBase"]
[SourceDate "1998.11.16"]
[SourceVersion "1"]
[SourceVersionDate "1998.11.16"]
[SourceQuality "1"]

1. e4 e5 2. Nf3 Nc6 3. d4 exd4 4. Bc4 Nf6 5. Ng5 Ne5 6. Qxd4 Nxc4 7. Qxc4 Qe7 8. 0-0 d6 9. Nc3 c6 10. Bf4 Be6 11. Qa4 h6 12. Nxe6 Qxe6 13. Nd5 0-0-0 14. Nxf6 Qxf6 15. Be3 a6 16. Qa5 d5 17. exd5 Rxd5 18. Qb6 Bd6 19. c4 Bc7 20. Qb3 Rd7 21. Rad1 Rhd8 1/2-1/2